000 00684nam a22002177a 4500
003 UA-OsUOA
001 123496
007 ta
008 20170619b un ||||| |||| 00| 0 ukr d
100 _aБагорка М. О.
090 _a330(477)
_bБ14
942 _cSA
040 _aUA-OsUOA
_bukr
_cUA-OsUOA
_dUA-OsUOA
245 _aФормування екологічного орієнтованого комплексу маркетингу в аграному виробництві
300 _aС.43-51
955 _a0
041 _aukr
080 _a330(477)
773 0 _w123494
_tЕкономіка АПК
_dК.
_d2017
_g5
650 7 _a330 Економіка взагалі
_2UDC
999 _c410559
_d410559